| 000 | 01047nam a2200241Ia 4500 | ||
|---|---|---|---|
| 999 |
_c50291 _d50291 |
||
| 001 | 17230 | ||
| 003 | GE_BSU | ||
| 005 | 20200204135552.0 | ||
| 008 | 181216s2006 xx |||||||||||||| ||geo|| | ||
| 040 | _cGE_BSU | ||
| 041 | _ageo | ||
| 080 | _a821.353.1(092რუსთაველი) ნ-16 | ||
| 100 |
_aნადირაძე, გიორგი. _92941 |
||
| 245 |
_aრუსთაველის ესთეტიკა / _cგიორგი ნადირაძე ; რედ : თარხუჯ ჯავახიშვილი. |
||
| 250 | _a მე-2 გამოცემა. | ||
| 264 |
_aთბილისი, _c2006. |
||
| 300 |
_a361 გვ; _b1ფ.პორტრეტი .; _c20 სმ. |
||
| 504 | _aბიბლიოგრ.: გვ. 351-361 | ||
| 653 | _aრუსთაველის ესთეტიკა | ||
| 653 | _aქართული ლიტერატურა | ||
| 700 |
_aჯავახიშვილი, თარხუჯ _eრედაქტორი _96766 |
||
| 942 |
_cBK _2udc |
||